00496nam a22001697a 4500003001100000005001700011008004100028020001800069040003900087041000800126082001600134245006500150260006500215300001700280490001300297650001600310LK-CoMWRAF20230920213740.0230920b2006 |||||||| |||| 00| 0 eng d a9789556250282 aLK-CoMWRAFdLK-CoMWRAFeLK-CoMWRAF aeng a340.59bBOA aThe Board of quazis' law reports - with a digest (2001-2002) aColombo :bMuslim Women’s Research and action forum,c2006 a140p. ; 22cm aVolume 1 aIslamic law